| 000 | 01738nam a2200433 a 4500 | ||
|---|---|---|---|
| 001 | dia_2361 | ||
| 003 | CHAP | ||
| 005 | 20250528131352.0 | ||
| 007 | ta | ||
| 008 | 220117s2001 mx ade f 001 0 spa d | ||
| 040 |
_cCHAP _amxchpua |
||
| 090 |
_aT.C.321 _bB84 ETIPA _c2001 |
||
| 245 | 1 | 0 |
_aAgroindustrias Integradas del Norte, S. A. de C. V. / _ccoordinador María Ofelia Buendía González ; colaboradores Orlando Beltrán Gómez...[et al.] |
| 260 |
_aMéxico : _bEl autor, _c2001 |
||
| 300 |
_a63 hojas : _bilustraciones, tablas, gráficas, planos |
||
| 336 |
_2rdacontent _atexto _btxt |
||
| 337 |
_2rdamedia _asin medio _bn |
||
| 338 |
_2rdacarrier _avolumen _bnc |
||
| 500 | _aGrado : 7° año | ||
| 502 |
_aViaje de Estudios _b(ETIPA) -- _cUACh. Departamento de Ingeniería Agroindustrial, _d2001 |
||
| 504 | _aBibliografía : hoja 62 | ||
| 505 | 0 | 0 | _aContiene 4 planos : -- 1.Distribución de áreas de la empresa AGROINSA (Esc. 1:200) -- 2.Diagrama de flujo AGROINSA -- 3.Distribución de áreas -- 4.Plano de tubería e instrumentación |
| 650 | 1 | 3 |
_aHarina de maíz _952713 |
| 650 | 1 | 3 |
_aIndustrias de los alimentos _9152683 _zMéxico _zNuevo León _x |
| 650 | 1 | 3 |
_aMaíz _970848 |
| 650 | 1 | 3 |
_aNixtamalización _981486 |
| 650 | 1 | 3 |
_aCorn _9147463 |
| 650 | 1 | 3 |
_aCorn flour _9152681 |
| 650 | 1 | 3 |
_aFood industry _9152682 _zMexico _zNuevo León |
| 650 | 1 | 3 |
_aNixtamalization _9147913 |
| 700 | 1 |
_aBuendía González, María Ofelia _9150532 _ecoordinador |
|
| 700 | 1 |
_aBeltrán Gómez, Orlando _ecolaborador _911451 |
|
| 901 | _aT.C.321 B84 ETIPA 2001 | ||
| 902 | _aM | ||
| 905 | _a5232272001 mx enm 8223223322spa16 | ||
| 942 | _2local | ||
| 942 | _cVE | ||
| 999 |
_c172883 _d172883 |
||